02584nam a2200337 i 4500001001000000003000900010005001700019007000300036008004100039040003000080041000800110082002600118100005000144245008900194250002100283264008100304300002800385336002700413337003300440338002800473500004300501504004000544505123200584590002601816651003901842910003701881942001401918952013801932952015902070999001702229000038329DO-SdBNP20260321073642.0ta110201s1995 dr 000 0 spa d aDO-SdBNPbspacBNPHUerda aspa 4a972.9bB742d 19952221 a Bosch, Juan, d1909-2001eautor4aut.97655510aDe Cristóbal Colón a Fidel Castro :bel Caribe, frontera imperial /cJuan Bosch. aNovena edición 1aSanto Domingo, República Dominicana :bEditora Corripio, C. por A.,c1995. a712 páginas ;c24 cm. atextobtxt2rdacontent asin mediaciónbn2rdamedia avolumenbnc2rdacarrier aincluye índice de personas y lugares aBibliografía: páginas [657]-661 aUnas palabras del autor -- Una frontera de cinco siglos -- El escenario de la frontera -- Indios y españoles en los primeros años de la frontera imperial -- La conquista del Caribe entre 1508 y 1527 -- La conquista entre 1526-1584 -- Sublevaciones de indios, africanos y españoles en el siglo XVI -- Las guerras de España en el siglo XVI -- Contrabandistas, bucaneros y filibusteros -- El siglo de la desmembración -- El tiempo del espanto -- Intermedio europeo -- El Caribe hasta la Paz de Utrecht -- Las guerras en el Caribe hasta la Paz de París (1763) -- La revolución Norteamericana y sus resultados en el Caribe -- La revolución francesa y su proyección en el Caribe -- El tiempo de la libertad -- Nacimiento de la República de Haití -- En los umbrales de la gran conmoción -- La guerra social venezolana -- La independencia de los territorios españoles -- 1821-1851. Los años de reajuste -- Los años de los episodios increíbles (1855-1861) -- Las luchas por la independencia de Cuba (1868-1898) -- El siglo del imperio norteamericano -- Los años de las balas y de los dólares -- Fidel Castro o la nueva etapa histórica del Caribe -- Bibliografía -- Índice de personas y lugares. aInventariado, 2026/BT 4aCaribe (Región)xHistoria987401 aValidado. Control de calidad MFF 2ddccLBS1 00102ddc51708PDaBNPHUbBNPHUcHDd2013-04-09l0oBNPHU PD 972.9 B742d 1995p38329-10r2020-06-25w2020-06-25yLBS1ZNo se presta 00102ddc51708PDaBNPHUbBNPHUcHDd2026-02-20eDonado por Bienvenido Britol0oBNPHU PD 972.9 B742d 1995p2026-1465r2026-02-20te.2w2026-02-20yLBS1 c37819d37819